Rule of Law and Anti-Corruption Center Journal

Bibliographic Details
Format: eBook
Language:English
Published: Barcelona: Editorial vLex, 2018 -
Subjects:
Online Access:Acceso restringido

MARC

LEADER 00000nam a22000007a 4500
005 2020102900020.0
007 cr|||| |||
008 201029c20189999qa fr|w s|||| 0|||b1eng d
035 |a 32318 
040 |a vLex 
090 |c 10817  |d 10817 
245 0 0 |a Rule of Law and Anti-Corruption Center Journal  |h [Recurso electrn̤ico] / 
256 |a Servicio en ln̕ea 
260 |a Barcelona:  |b Editorial vLex,  |c 2018 - 
300 |a 1 recurso electrn̤ico 
310 |a Semestral 
506 1 |a Disponible solo en los productos indicados  |d vLex Global  |d vLex Global (Academic Edition, excluding Law Schools)  |d vLex Global (U.S. Academic Edition, Law Schools)  |d vLex Global (U.S. Academic Edition, excluding Law Schools)  |d vLex Global (Academic Edition, Law Schools) 
650 0 4 |a Derecho Pb︢lico y Administrativo  |z Catar 
650 0 4 |a Derecho Penal  |z Catar 
650 0 4 |a Derecho Constitucional  |z Catar 
740 0 |a vLex Revistas (Servicio en ln̕ea) 
856 4 0 |u http://vlex.com/source/rule-law-anti-corruption-center-journal-32318  |z Acceso restringido 
942 |c REV 
999 0 |a Public and Administrative Law 
999 0 |a Criminal Law 
999 0 |a Constitutional Law